Statistics for Guess the Lyrics - 00's #2

Click here to take the quiz!

General Stats

  • This quiz has been taken 28 times
  • The average score is 70 of 147

Answer Stats

Answer% Correct
I
100%
a
92%
and
84%
me
80%
when
80%
When
80%
love
76%
we
76%
do,
72%
She
72%
in
68%
was
68%
it
64%
my
60%
No
60%
no
60%
then
60%
then,
60%
know
56%
with
56%
But
52%
but
52%
get
52%
her
52%
I'm
52%
That
52%
were
52%
what
52%
it's
48%
could
44%
don't
44%
if
44%
doing
40%
girl
40%
care
36%
Every
36%
knew
36%
mind
36%
mine
36%
one
36%
though
36%
lose
32%
make
32%
yeah
32%
younger
32%
Fairytale
28%
fairytale,
28%
fairytale
28%
hurts
28%
She's
28%
already
24%
day,
24%
even
24%
Even
24%
high
24%
night,
24%
start
24%
ago,
20%
Alexander Rybak
20%
cursed
20%
else
20%
fell
20%
liked
20%
new
20%
we'll
20%
apart
16%
brand
16%
'Cause
16%
kinda
16%
sweethearts
16%
true
16%
Years
16%
above
12%
cannot
12%
find
12%
sadder
12%
started
12%
fighting
8%
lift
8%
Nowadays
8%
suddenly
8%

Score Distribution

Percentile by Number Answered

Percent of People with Each Score

Your Score History

You have not taken this quiz